01043 a2200169 4500003000500000005001700005040000900022082001400031100002200045245007600067250000800143260004300151300001600194440004000210505059600250650002700846Nust20221024180153.0 cNust a621.3,HAM aHambley, Allan R. aElectrical engineering: principles and applications /cAllan R. Hambley a2nd aNew DelhibPrentice' Hall of India PVT axvii,846 P; aElectrical engineering (technology) aIntroduction(Page-2), Resistive Circuits (Page-43), Inductance and Capacitance (Page-109), Transients (Page-143 ), Study – State Sinusoidal Sinusoidal Analysis (Page-181), Frequency Response , Bode Plots, and Resonance (Page-244), Logic Circuits (Page-308), Microcomputer (Page-356), Computer – Based Instrumentation systems (Page-390), Diodes (Page-422), Amplifiers (Page-465), Field – Effect Transistors (Page-521), Bipolar Junction Transistors (Page-559), Operational Amplifiers (Page-607), Magnetic Circuits and Transformers (Page-662), Machines (Page-708), Ac Machines (Page-753). aElectrical engineering